Polosuché kultivácie ako biotechnologická alternatíva prípravy funkčných cereálnych produktov pre veterinárne a potravinárske aplikácie bakalárska práca CD

Salvato in:
Dettagli Bibliografici
Autore principale: Janštová, Janka
Natura: Software Libro
Lingua:slovacco
Pubblicazione: Bratislava FCHPT STU 2013
Accesso online:Visualizza in OPAC
Tags: Aggiungi Tag
Nessun Tag, puoi essere il primo ad aggiungerne!!

MARC

LEADER 00000nam a2200000 a 4500
005 20260127134152.0
007 co ugu
008 130912 2013 000 0 slo d
035 |a vtls010542791 
039 9 |y 201309120946  |z mschk03 
040 |a STUSCHK1  |b slo  |c STUSCHK1  |e AACR2 
100 1 |a Janštová, Janka 
245 1 |a Polosuché kultivácie ako biotechnologická alternatíva prípravy funkčných cereálnych produktov pre veterinárne a potravinárske aplikácie  |b bakalárska práca CD  |c Janka Janštová 
260 |a Bratislava  |b FCHPT STU  |c 2013 
300 |a 1 optický disk 
500 |a Obhájené: 10.07.2013 
500 |a Štud. program: Biotechnológia a potravinárska technológia 
500 |a Štud. odbor: Biotechnológie 
500 |a Škol. pracovisko: Odd. biochemickej technológie 
500 |a Evid. číslo: FCHPT-13567-44145 
910 |a SCHK95 
999 |c 5701  |d 5701